000 01313nam a2200361Ia 4500
001 ebr10567172
003 CaPaEBR
006 m u
007 cr cn|||||||||
008 980710s1998 enk sb 001 0 eng d
010 _z 98061161
020 _z0761958991
020 _z0761959009
020 _z9780761959007
020 _z9781848609204
040 _aCaPaEBR
_cCaPaEBR
035 _a(OCoLC)49414632
050 1 4 _aQA76.9.C66
_bC83 1998eb
082 0 4 _a303.48/34
_221
100 1 _aCubitt, Sean,
_d1953-
245 1 0 _aDigital aesthetics
_h[electronic resource] /
_cSean Cubitt.
260 _aLondon ;
_aThousand Oaks, Calif. :
_bSAGE,
_c1998.
300 _axiii, 172 p.
490 1 _aTheory, culture & society
504 _aIncludes bibliographical references and index.
533 _aElectronic reproduction.
_bPalo Alto, Calif. :
_cebrary,
_d2011.
_nAvailable via World Wide Web.
_nAccess may be limited to ebrary affiliated libraries.
650 0 _aComputers and civilization.
650 0 _aHuman-computer interaction.
655 7 _aElectronic books.
_2local
710 2 _aebrary, Inc.
830 0 _aTheory, culture & society (Unnumbered)
856 4 0 _uhttp://site.ebrary.com/lib/rucke/Doc?id=10567172
_zAn electronic book accessible through the World Wide Web; click to view
999 _c200597
_d200597